000 00749nam a2200181Ia 4500
008 100921s9999 xx 000 0 und d
082 _b35416
_a615.532 न 01
100 _aलोंढे जनार्दन रंगनाथ.
245 _aघरच्या घरी होमिओपथी.
260 _bश्रीमंगेश प्रकाशन, नागपूर.
_c2001
300 _a155
_bरसिक साहित्य,पुणे
365 _b60
520 _aतं.वि.होमिओपथी.
630 _aघरच्या घरी होमिओपथी.
650 _aतं.वि.होमिओपथी.
730 _aघरच्या घरी होमिओपथी.
942 _cBOOK
999 _c784529
_d784526